| 000 | 00834cam a2200241Ia 4500 | ||
|---|---|---|---|
| 001 | 41554203 | ||
| 003 | OCoLC | ||
| 005 | 20240405145330.0 | ||
| 008 | 990616s1997 hiua j 000 1 eng d | ||
| 020 | _a0896102858 (hbk.) | ||
| 020 | _a9780896102859 (hbk.) | ||
| 040 |
_aHUH _beng _cHUH _dXY4 _dBAKER _dBTCTA _dOCLCF _dOCLCQ _dOCLCO _dBYU _dCVS |
||
| 100 | 1 | _aYee, Tammy. | |
| 245 | 1 | 0 |
_aBaby Honu's incredible journey / _cwritten and illustrated by Tammy Yee. |
| 250 | _a1st edition. | ||
| 260 |
_aAiea, Hawaii : _bIsland Heritage, _cc1997. |
||
| 300 |
_a32 pages : _bcolor illustrations ; _c22 x 28 cm. |
||
| 520 | _aThe adventures of a baby turtle as he attempts to crawl to the ocean after being born. | ||
| 521 | _aNew May 2015. | ||
| 650 | 0 |
_aSea turtles _vJuvenile fiction. |
|
| 651 | 0 |
_aHawaii _vJuvenile fiction. |
|
| 942 | _cBK | ||
| 999 |
_c29423 _d29421 |
||